000 00826 a2200229 4500
005 2008082508168.0
008 080825t xxu||||| |||| 00| 0 eng d
010 _aENG-87132
020 _c50.00 (App.)
035 _aEN--70665
037 _bDBAD / PUB
082 _a239.1
100 _aPfeifer, Netta
245 _aA soul's safari
_cby Netta Pfeifer
250 _a5th ed.
260 _aNew Delhi
_bScience of the Soul Research Centre
_c2006
270 _aRadha Soami Satsang Beas, Guru Ravi Dass Marg, Pusa Road
_e110 005
300 _axix, 216 p.
_c21 cm ( Hb.)
500 _aIncludes glossary
942 _adpl
_cEN
_k239.1 / PFE
_2ddc
_h239.1
_mPFE
999 _c6078
_d6078